000 00600nam a2200193Ia 4500
003 GCL
008 140319s9999 xx 000 0 ara d
040 _aGCL /
_cGCL
082 0 4 _a892.4
_bص ف
100 1 _aصالح العيارى
245 1 0 _aفى الشعر العبرى والصهيونى المعاصر /
_cصالح العيارى
260 _a[S.N] :
_bدار طلاس للدراسات والترجمة ،
_c1987
300 _a254 ص
490 _a
650 0 4 _aالشعر العباسى
650 0 4 _aالادب العبرى
650 0 4 _aالشعر العبرى
942 _2ddc
_cBK
999 _c35904
_d35904